000 00617nam a2200241Ia 4500
003 OSt
005 20221007065346.0
006 a|||||r|||| 00| 0
007 ta
008 221006b |||||||| |||| 00| 0 eng d
024 _a23,536
037 _cReference Collections
040 _aFLL
_cFLL
_beng
041 _2eng
_aeng
082 _aZ11, P5
100 _aThomas Terry
_9265007
245 0 _aSex crime
250 _a2nd
260 _aDevon
_bWillan Publishing UK
_c2005
300 _axvii,214p
_ccm.
942 _hZ11, P5
_cREF
_2CC
999 _c1137094
_d1137094